| 000 -ლიდერი |
| ფიქსირებული სიგრძის საკონტროლო ველი |
01108nam a22001817a 4500 |
| 003 - საკონტროლო ნომრის იდენტიფიკატორი |
| საკონტროლო ველი |
Ge_BSU |
| 005 - ბოლო ოპერაციის თარიღი და დრო |
| საკონტროლო ველი |
20251020155154.0 |
| 008 - ფიქსირებული სიგრძის მონაცემთა ელემენტები - ზოგადი ინფორმაცია |
| ფიქსირებული სიგრძის საკონტროლო ველი |
251020s1957 ge ||||| |||| 00| 0 geo d |
| 041 ## - ენის კოდი |
| Language code of text/sound track or separate title |
geo |
| 080 ## - უნივერსალური ათობითი კლასიფიკაციის ინდექსი |
| Universal Decimal Classification number |
631.115.6(479.223) ლ-15 |
| 100 ## - მთავარი ჩანაწერი - პიროვნების სახელი |
| Personal name |
ლავასასი, ხ.ე. |
| 9 (RLIN) |
26075 |
| 245 ## - ცნობა სათაურის შესახებ |
| Title |
ვოროშილოვის სახელობის კოლმეურნეობის მოწინავე გამოცდილება : |
| Remainder of title |
[ქობულეთის რ-ნი. სოციალისტური შრომის გმირის ნაამბობი ჩაწერა ი. ქაჩიბაიამ] / |
| Statement of responsibility, etc |
ხ.ე. ლავასასი. |
| 264 ## - წარმოების, გამოცემის, დისტრიბუციის და სხვა ცნობები |
| გამოცემის, წარმოების, დისტრიბუციის... ადგილი |
თბილისი : |
| გამოცემის, წარმოების, დისტრიბუციის... სახელწოდება |
სახელგამი, |
| გამოცემის, წარმოების, დისტრიბუციის... თარიღი |
1957. |
| 300 ## - ფიზიკური აღწერა |
| Extent |
51 გვ. ; |
| Other physical details |
21 სმ. |
| 490 ## - სერიის ცნობა |
| Series statement |
საქართველოს სასოფლო-სამეურნეო გამოფენის მონაწილეთა გამოცდილება |
| 653 ## - INDEX TERM--UNCONTROLLED |
| Uncontrolled term |
კოლმეურნეობები აჭარაში. |
| 942 ## - ADDED ENTRY ELEMENTS (KOHA) |
| Source of classification or shelving scheme |
|
| Koha item type |
წიგნი |